Quiz der höchsten Sachen - Statistiken

Allgemein
  • Dieses Quiz wurde 33 mal gespielt
  • Das Durchschnittsergebnis liegt bei 6 aus 28
Antwortstatistiken
Frage Antwort % Korrekt
Höchste Pflegestufe? 5
59%
Höchster Berg? Mount Everest
52%
Wo wurde die höchste Welle (28,75m) gemessen? Portugal
52%
Höchster Vulkan Europas? Ätna
41%
Wo wurde die höchste Temperatur auf der Erde gemessen? Death Valley
41%
Höchster Berg Europas? Elbrus
41%
Land mit dem höchsten Flughafen? China
38%
Land mit den höchsten Erdölvorkommen? Venezuela
38%
Wo steht das höchste Windrad der Welt? (Land) Deutschland
31%
Höchster militärischer Rang? General
31%
Höchster Wasserfall? Salto Ángel
31%
Stadt mit der höchsten Straßenbahnhaltestelle in Deutschland Ulm
31%
Höchstes Bauwerk? Burj Khalifa
28%
Höchster Berg der Schweiz? Mont Blanc
24%
Höchstes Kirchengebäude? Sagrada Família
17%
Land mit der höchsten Düne? Frankreich
14%
Land mit der höchsten Übergewichtsrate? Samoa
14%
Land mit der höchsten Lebenserwartung in Europa? Spanien
14%
Wie hoch ist der höchste gemessene IQ? 228
3%
Höchste Achterbahn? Falcon's Flight
3%
Höchster Vulkan der Erde? Ojos del Salado
3%
Höchstes Riesenrad? Ain Dubai
0%
Höchster Ort in Deutschland? Balderschwang
0%
Höchstes Land? Buthan
0%
Höchstes Hotel? Ciel Dubai Marina
0%
Höchstes Kreuzfahrtschiff? Icon of the Seas
0%
Höchster Fernsehturm? Tokyo Skytree
0%
Höchster Punkt der Niederlande? Vaalsberg
0%
Keine übereinstimmenden Quizze gefunden
Verteilung der Resultate
Anzahl Personen mit jedem Resultat
Perzentil nach korrekt beantworteten Fragen
Ihre Resultats-Entwicklung
Sie haben dieses Quiz noch nicht gespielt